[Event "Irena Warakomska Memorial B"]
[Site "chessmanager.com"]
[Date "2018.08.01"]
[Round "1"]
[White "Mazalon, Mariusz"]
[Black "Wloch, Mikolaj"]
[Result "1-0"]
[Board "12"]
[WhiteElo "2060"]
[WhiteCountry "POL"]
[WhiteFideId "1103105"]
[WhiteEloChange "3"]
[BlackElo "1738"]
[BlackCountry "POL"]
[BlackFideId "1194380"]
[BlackEloChange "-3"]

1. Nf3 {[%clk 1:30:30]} d5 {[%clk 1:30:30]} 2. g3 {[%clk 1:30:30]} Nf6 {[%clk
1:30:30]} 3. Bg2 {[%clk 1:30:30]} e6 {[%clk 1:30:30]} 4. O-O {[%clk 1:30:30]} Bd6
{[%clk 1:30:30]} 5. c4 {[%clk 1:30:30]} c6 {[%clk 1:30:30]} 6. b3 {[%clk
1:30:30]} O-O {[%clk 1:30:30]} 7. Bb2 {[%clk 1:30:30]} Nbd7 {[%clk 1:30:30]} 8.
d3 {[%clk 1:30:30]} Re8 {[%clk 1:30:30]} 9. Nc3 {[%clk 1:30:30]} e5 {[%clk
1:30:30]} 10. cxd5 {[%clk 1:30:30]} cxd5 {[%clk 1:30:30]} 11. e4 {[%clk 1:30:30]}
d4 {[%clk 1:30:30]} 12. Ne2 {[%clk 1:30:30]} Nb6 {[%clk 1:30:30]} 13. h3 {[%clk
1:30:30]} Bd7 {[%clk 1:30:30]} 14. Nd2 {[%clk 1:30:30]} Bb5 {[%clk 1:30:30]} 15.
Qb1 {[%clk 1:30:30]} Bb4 {[%clk 1:30:30]} 16. Rd1 {[%clk 1:30:30]} Nh5 {[%clk
1:30:30]} 17. a3 {[%clk 1:30:30]} Bd6 {[%clk 1:30:30]} 18. a4 {[%clk 1:30:30]}
Bd7 {[%clk 1:30:30]} 19. a5 {[%clk 1:30:30]} Nc8 {[%clk 1:30:30]} 20. Nc4 {[%clk
1:30:30]} Bb4 {[%clk 1:30:30]} 21. g4 {[%clk 1:30:30]} Nf6 {[%clk 1:30:30]} 22.
f4 {[%clk 1:30:30]} Nxg4 {[%clk 1:30:30]} 23. hxg4 {[%clk 1:30:30]} Bxg4 {[%clk
1:30:30]} 24. Qc2 {[%clk 1:30:30]} exf4 {[%clk 1:30:30]} 25. Rf1 {[%clk 1:30:30]}
g5 {[%clk 1:30:30]} 26. Nxf4 {[%clk 1:30:30]} gxf4 {[%clk 1:30:30]} 27. Rxf4
{[%clk 1:30:30]} h5 {[%clk 1:30:30]} 28. Qf2 {[%clk 1:30:30]} Nd6 {[%clk
1:30:30]} 29. Qxd4 {[%clk 1:30:30]} f6 {[%clk 1:30:30]} 30. Rxf6 {[%clk 1:30:30]}
Nf5 {[%clk 1:30:30]} 31. Rg6+ {[%clk 1:30:30]} Kf7 {[%clk 1:30:30]} 32. Qxd8
{[%clk 1:30:30]} Raxd8 {[%clk 1:30:30]} 33. exf5 {[%clk 1:30:30]} Re2 {[%clk
1:30:30]} 34. Be4 {[%clk 1:30:30]} Bc5+ {[%clk 1:30:30]} 35. Kh1 {[%clk 1:30:30]}
Kf8 {[%clk 1:30:30]} 36. Bg7+ {[%clk 1:30:30]} Ke8 {[%clk 1:30:30]} 37. Ne5
{[%clk 1:30:30]} Rd6 {[%clk 1:30:30]} 38. Nxg4 {[%clk 1:30:30]} Rxg6 {[%clk
1:30:30]} 1-0

[Event "Irena Warakomska Memorial B"]
[Site "chessmanager.com"]
[Date "2018.08.01"]
[Round "1"]
[White "Matuszczyk, Mateusz"]
[Black "Hrymowicz, Artur"]
[Result "1/2-1/2"]
[Board "13"]
[WhiteElo "1733"]
[WhiteCountry "POL"]
[WhiteFideId "21855463"]
[WhiteEloChange "8"]
[BlackElo "2123"]
[BlackCountry "POL"]
[BlackFideId "1194240"]
[BlackEloChange "-8"]

1. e4 {[%clk 1:30:30]} c5 {[%clk 1:30:30]} 2. Nf3 {[%clk 1:30:30]} d6 {[%clk
1:30:30]} 3. Bb5+ {[%clk 1:30:30]} Nd7 {[%clk 1:30:30]} 4. c4 {[%clk 1:30:30]}
Nf6 {[%clk 1:30:30]} 5. Nc3 {[%clk 1:30:30]} g6 {[%clk 1:30:30]} 6. O-O {[%clk
1:30:30]} Bg7 {[%clk 1:30:30]} 7. d4 {[%clk 1:30:30]} cxd4 {[%clk 1:30:30]} 8.
Nxd4 {[%clk 1:30:30]} O-O {[%clk 1:30:30]} 9. Bxd7 {[%clk 1:30:30]} Bxd7 {[%clk
1:30:30]} 10. h3 {[%clk 1:30:30]} Rc8 {[%clk 1:30:30]} 11. Qd3 {[%clk 1:30:30]}
Qc7 {[%clk 1:30:30]} 12. b3 {[%clk 1:30:30]} a6 {[%clk 1:30:30]} 13. Bd2 {[%clk
1:30:30]} Bc6 {[%clk 1:30:30]} 14. Rae1 {[%clk 1:30:30]} Nd7 {[%clk 1:30:30]} 15.
Bg5 {[%clk 1:30:30]} Nc5 {[%clk 1:30:30]} 16. Qd2 {[%clk 1:30:30]} Rfe8 {[%clk
1:30:30]} 17. f4 {[%clk 1:30:30]} Qb6 {[%clk 1:30:30]} 18. Nxc6 {[%clk 1:30:30]}
bxc6 {[%clk 1:30:30]} 19. Kh1 {[%clk 1:30:30]} Qa5 {[%clk 1:30:30]} 20. Rf3
{[%clk 1:30:30]} Ne6 {[%clk 1:30:30]} 21. Qc1 {[%clk 1:30:30]} h6 {[%clk
1:30:30]} 22. Bh4 {[%clk 1:30:30]} Bxc3 {[%clk 1:30:30]} 23. Rxc3 {[%clk
1:30:30]} Nxf4 {[%clk 1:30:30]} 24. Rf3 {[%clk 1:30:30]} g5 {[%clk 1:30:30]} 25.
Ref1 {[%clk 1:30:30]} e5 {[%clk 1:30:30]} 26. Be1 {[%clk 1:30:30]} Qc7 {[%clk
1:30:30]} 27. g3 {[%clk 1:30:30]} Ne6 {[%clk 1:30:30]} 28. h4 {[%clk 1:30:30]}
Qe7 {[%clk 1:30:30]} 29. Bd2 {[%clk 1:30:30]} Kg7 {[%clk 1:30:30]} 30. Rxf7+
{[%clk 1:30:30]} Qxf7 {[%clk 1:30:30]} 31. Rxf7+ {[%clk 1:30:30]} Kxf7 {[%clk
1:30:30]} 32. hxg5 {[%clk 1:30:30]} hxg5 {[%clk 1:30:30]} 33. Bxg5 {[%clk
1:30:30]} Nxg5 {[%clk 1:30:30]} 34. Qxg5 {[%clk 1:30:30]} Rh8+ {[%clk 1:30:30]}
35. Kg2 {[%clk 1:30:30]} Rcg8 {[%clk 1:30:30]} 36. Qf5+ {[%clk 1:30:30]} Ke7
{[%clk 1:30:30]} 37. c5 {[%clk 1:30:30]} Rh6 {[%clk 1:30:30]} 38. cxd6+ {[%clk
1:30:30]} Kxd6 {[%clk 1:30:30]} 39. g4 {[%clk 1:30:30]} Rhg6 {[%clk 1:30:30]} 40.
Kf3 {[%clk 1:30:30]} a5 {[%clk 1:30:30]} 41. Ke3 {[%clk 1:30:30]} Rg5 {[%clk
1:30:30]} 42. Qf6+ {[%clk 1:30:30]} Kc5 {[%clk 1:30:30]} 43. Kd3 {[%clk 1:30:30]}
Rxg4 {[%clk 1:30:30]} 44. Qxe5+ {[%clk 1:30:30]} Kb6 {[%clk 1:30:30]} 45. Qd4+
{[%clk 1:30:30]} Ka6 {[%clk 1:30:30]} 46. Qc5 {[%clk 1:30:30]} R8g6 {[%clk
1:30:30]} 47. a4 {[%clk 1:30:30]} Rg2 {[%clk 1:30:30]} 48. Qc4+ {[%clk 1:30:30]}
Kb7 {[%clk 1:30:30]} 49. b4 {[%clk 1:30:30]} axb4 {[%clk 1:30:30]} 50. Qxb4+
{[%clk 1:30:30]} Kc7 {[%clk 1:30:30]} 51. a5 {[%clk 1:30:30]} Rg1 {[%clk
1:30:30]} 52. Qe7+ {[%clk 1:30:30]} Kb8 {[%clk 1:30:30]} 53. a6 {[%clk 1:30:30]}
Rg7 {[%clk 1:30:30]} 54. Qd6+ {[%clk 1:30:30]} Ka7 {[%clk 1:30:30]} 55. Qxc6
{[%clk 1:30:30]} R1g6 {[%clk 1:30:30]} 56. Qa4 {[%clk 1:30:30]} Rd6+ {[%clk
1:30:30]} 57. Ke3 {[%clk 1:30:30]} Rgg6 {[%clk 1:30:30]} 58. e5 {[%clk 1:30:30]}
Rxa6 {[%clk 1:30:30]} 59. Qd4+ {[%clk 1:30:30]} Kb7 {[%clk 1:30:30]} 60. Qd7+
{[%clk 1:30:30]} Kb8 {[%clk 1:30:30]} 61. Kf4 {[%clk 1:30:30]} Rh6 {[%clk
1:30:30]} 62. Kf5 {[%clk 1:30:30]} Rac6 {[%clk 1:30:30]} 63. e6 {[%clk 1:30:30]}
Rcxe6 {[%clk 1:30:30]} 64. Qxe6 {[%clk 1:30:30]} Rxe6 {[%clk 1:30:30]} 65. Kxe6
{[%clk 1:30:30]} 1/2-1/2

[Event "Irena Warakomska Memorial B"]
[Site "chessmanager.com"]
[Date "2018.08.01"]
[Round "1"]
[White "Nikitin, Aleksander I"]
[Black "Plesiuk, Jan"]
[Result "1-0"]
[Board "14"]
[WhiteElo "2036"]
[WhiteCountry "BLR"]
[WhiteFideId "13503065"]
[WhiteEloChange "3"]
[BlackElo "1748"]
[BlackCountry "POL"]
[BlackFideId "1159380"]
[BlackEloChange "-3"]

1. b4 {[%clk 1:30:30]} c6 {[%clk 1:30:30]} 2. e3 {[%clk 1:30:30]} Qb6 {[%clk
1:30:30]} 3. a3 {[%clk 1:30:30]} a5 {[%clk 1:30:30]} 4. b5 {[%clk 1:30:30]} d5
{[%clk 1:30:30]} 5. c4 {[%clk 1:30:30]} Be6 {[%clk 1:30:30]} 6. cxd5 {[%clk
1:30:30]} cxd5 {[%clk 1:30:30]} 7. Nf3 {[%clk 1:30:30]} Nf6 {[%clk 1:30:30]} 8.
Bb2 {[%clk 1:30:30]} Nbd7 {[%clk 1:30:30]} 9. Be2 {[%clk 1:30:30]} g6 {[%clk
1:30:30]} 10. Nc3 {[%clk 1:30:30]} Bg7 {[%clk 1:30:30]} 11. Na4 {[%clk 1:30:30]}
Qd6 {[%clk 1:30:30]} 12. O-O {[%clk 1:30:30]} O-O {[%clk 1:30:30]} 13. Nd4 {[%clk
1:30:30]} Rac8 {[%clk 1:30:30]} 14. d3 {[%clk 1:30:30]} Nc5 {[%clk 1:30:30]} 15.
Nxc5 {[%clk 1:30:30]} Qxc5 {[%clk 1:30:30]} 16. a4 {[%clk 1:30:30]} Qb6 {[%clk
1:30:30]} 17. Ba3 {[%clk 1:30:30]} Rc7 {[%clk 1:30:30]} 18. Nb3 {[%clk 1:30:30]}
Ra8 {[%clk 1:30:30]} 19. Rc1 {[%clk 1:30:30]} Bf8 {[%clk 1:30:30]} 20. Bc5 {[%clk
1:30:30]} Rxc5 {[%clk 1:30:30]} 21. Nxc5 {[%clk 1:30:30]} Bc8 {[%clk 1:30:30]}
22. d4 {[%clk 1:30:30]} Bf5 {[%clk 1:30:30]} 23. Bd3 {[%clk 1:30:30]} Ne4 {[%clk
1:30:30]} 24. g4 {[%clk 1:30:30]} Bc8 {[%clk 1:30:30]} 25. Nxe4 {[%clk 1:30:30]}
dxe4 {[%clk 1:30:30]} 26. Bxe4 {[%clk 1:30:30]} f5 {[%clk 1:30:30]} 27. gxf5
{[%clk 1:30:30]} gxf5 {[%clk 1:30:30]} 28. Bd5+ {[%clk 1:30:30]} e6 {[%clk
1:30:30]} 29. Bb3 {[%clk 1:30:30]} Bd7 {[%clk 1:30:30]} 30. Qh5 {[%clk 1:30:30]}
Kg7 {[%clk 1:30:30]} 31. Kh1 {[%clk 1:30:30]} Be8 {[%clk 1:30:30]} 32. Rg1+
{[%clk 1:30:30]} Bg6 {[%clk 1:30:30]} 33. Qf3 {[%clk 1:30:30]} Be7 {[%clk
1:30:30]} 34. Rg2 {[%clk 1:30:30]} Rf8 {[%clk 1:30:30]} 35. Rcg1 {[%clk 1:30:30]}
Kh8 {[%clk 1:30:30]} 36. Qf4 {[%clk 1:30:30]} Bf6 {[%clk 1:30:30]} 37. Rxg6
{[%clk 1:30:30]} 1-0

[Event "Irena Warakomska Memorial B"]
[Site "chessmanager.com"]
[Date "2018.08.01"]
[Round "1"]
[White "Binkis, Evgeniya"]
[Black "Koziej, Maciej"]
[Result "0-1"]
[Board "15"]
[WhiteElo "1723"]
[WhiteCountry "RUS"]
[WhiteFideId "44110863"]
[WhiteEloChange "-3"]
[BlackElo "2027"]
[BlackTitle "FM"]
[BlackCountry "POL"]
[BlackFideId "1139347"]
[BlackEloChange "3"]

1. e4 {[%clk 1:30:30]} c5 {[%clk 1:30:30]} 2. Nf3 {[%clk 1:30:30]} e6 {[%clk
1:30:30]} 3. d4 {[%clk 1:30:30]} cxd4 {[%clk 1:30:30]} 4. Nxd4 {[%clk 1:30:30]}
a6 {[%clk 1:30:30]} 5. Bd3 {[%clk 1:30:30]} Nf6 {[%clk 1:30:30]} 6. O-O {[%clk
1:30:30]} Qc7 {[%clk 1:30:30]} 7. a4 {[%clk 1:30:30]} b6 {[%clk 1:30:30]} 8. Nc3
{[%clk 1:30:30]} Bb7 {[%clk 1:30:30]} 9. Be3 {[%clk 1:30:30]} Bb4 {[%clk
1:30:30]} 10. Nde2 {[%clk 1:30:30]} Nc6 {[%clk 1:30:30]} 11. Bf4 {[%clk 1:30:30]}
Ne5 {[%clk 1:30:30]} 12. f3 {[%clk 1:30:30]} Rc8 {[%clk 1:30:30]} 13. Kh1 {[%clk
1:30:30]} O-O {[%clk 1:30:30]} 14. Qe1 {[%clk 1:30:30]} d6 {[%clk 1:30:30]} 15.
g4 {[%clk 1:30:30]} Rfd8 {[%clk 1:30:30]} 16. Qg3 {[%clk 1:30:30]} Bxc3 {[%clk
1:30:30]} 17. Nxc3 {[%clk 1:30:30]} Nxd3 {[%clk 1:30:30]} 18. cxd3 {[%clk
1:30:30]} Qc5 {[%clk 1:30:30]} 19. Rad1 {[%clk 1:30:30]} Qb4 {[%clk 1:30:30]} 20.
Rd2 {[%clk 1:30:30]} d5 {[%clk 1:30:30]} 21. e5 {[%clk 1:30:30]} Nd7 {[%clk
1:30:30]} 22. d4 {[%clk 1:30:30]} Rc4 {[%clk 1:30:30]} 23. Be3 {[%clk 1:30:30]}
Rdc8 {[%clk 1:30:30]} 24. f4 {[%clk 1:30:30]} Nc5 {[%clk 1:30:30]} 25. f5 {[%clk
1:30:30]} Nb3 {[%clk 1:30:30]} 26. Rdf2 {[%clk 1:30:30]} Nxd4 {[%clk 1:30:30]}
27. Bxd4 {[%clk 1:30:30]} Rxd4 {[%clk 1:30:30]} 28. fxe6 {[%clk 1:30:30]} fxe6
{[%clk 1:30:30]} 29. Qf3 {[%clk 1:30:30]} Qe7 {[%clk 1:30:30]} 30. Kg1 {[%clk
1:30:30]} Rdc4 {[%clk 1:30:30]} 31. Qg3 {[%clk 1:30:30]} R4c7 {[%clk 1:30:30]}
32. Ne2 {[%clk 1:30:30]} h6 {[%clk 1:30:30]} 33. h3 {[%clk 1:30:30]} Bc6 {[%clk
1:30:30]} 34. Qd3 {[%clk 1:30:30]} Bxa4 {[%clk 1:30:30]} 35. Qxa6 {[%clk
1:30:30]} Qb4 {[%clk 1:30:30]} 36. Nc3 {[%clk 1:30:30]} Bb3 {[%clk 1:30:30]} 37.
Ra1 {[%clk 1:30:30]} Qc5 {[%clk 1:30:30]} 38. Qa3 {[%clk 1:30:30]} Bc4 {[%clk
1:30:30]} 39. Qxc5 {[%clk 1:30:30]} bxc5 {[%clk 1:30:30]} 40. Ra5 {[%clk
1:30:30]} Bd3 {[%clk 1:30:30]} 41. Kg2 {[%clk 1:30:30]} d4 {[%clk 1:30:30]} 42.
Nb5 {[%clk 1:30:30]} Bxb5 {[%clk 1:30:30]} 43. Rxb5 {[%clk 1:30:30]} c4 {[%clk
1:30:30]} 44. Rb6 {[%clk 1:30:30]} c3 {[%clk 1:30:30]} 45. bxc3 {[%clk 1:30:30]}
dxc3 {[%clk 1:30:30]} 46. Rc2 {[%clk 1:30:30]} Kf7 {[%clk 1:30:30]} 47. Kf3
{[%clk 1:30:30]} Rd8 {[%clk 1:30:30]} 48. Rb3 {[%clk 1:30:30]} Rd3+ {[%clk
1:30:30]} 49. Ke4 {[%clk 1:30:30]} Rxh3 {[%clk 1:30:30]} 0-1

[Event "Irena Warakomska Memorial B"]
[Site "chessmanager.com"]
[Date "2018.08.01"]
[Round "1"]
[White "Gawronski, Miroslaw"]
[Black "Tylenda, Krzysztof"]
[Result "0-1"]
[Board "16"]
[WhiteElo "2058"]
[WhiteCountry "POL"]
[WhiteFideId "1106180"]
[WhiteEloChange "-18"]
[BlackElo "1669"]
[BlackCountry "POL"]
[BlackFideId "1169165"]
[BlackEloChange "18"]

1. d4 {[%clk 1:30:30]} d5 {[%clk 1:30:30]} 2. Nf3 {[%clk 1:30:30]} e6 {[%clk
1:30:30]} 3. Bf4 {[%clk 1:30:30]} c6 {[%clk 1:30:30]} 4. e3 {[%clk 1:30:30]} Nf6
{[%clk 1:30:30]} 5. h3 {[%clk 1:30:30]} Nbd7 {[%clk 1:30:30]} 6. a4 {[%clk
1:30:30]} Be7 {[%clk 1:30:30]} 7. c4 {[%clk 1:30:30]} dxc4 {[%clk 1:30:30]} 8.
Bxc4 {[%clk 1:30:30]} Qa5+ {[%clk 1:30:30]} 9. Nbd2 {[%clk 1:30:30]} Nd5 {[%clk
1:30:30]} 10. Bh2 {[%clk 1:30:30]} Nb4 {[%clk 1:30:30]} 11. O-O {[%clk 1:30:30]}
O-O {[%clk 1:30:30]} 12. Qe2 {[%clk 1:30:30]} Qh5 {[%clk 1:30:30]} 13. Ne4 {[%clk
1:30:30]} Nb6 {[%clk 1:30:30]} 14. Bb3 {[%clk 1:30:30]} N6d5 {[%clk 1:30:30]} 15.
Ng3 {[%clk 1:30:30]} Qh6 {[%clk 1:30:30]} 16. Ne5 {[%clk 1:30:30]} b6 {[%clk
1:30:30]} 17. Rfc1 {[%clk 1:30:30]} Bb7 {[%clk 1:30:30]} 18. f4 {[%clk 1:30:30]}
f5 {[%clk 1:30:30]} 19. Nf1 {[%clk 1:30:30]} Rfd8 {[%clk 1:30:30]} 20. Nd2 {[%clk
1:30:30]} c5 {[%clk 1:30:30]} 21. Ndf3 {[%clk 1:30:30]} Rac8 {[%clk 1:30:30]} 22.
a5 {[%clk 1:30:30]} Ba6 {[%clk 1:30:30]} 23. Qd2 {[%clk 1:30:30]} Qh5 {[%clk
1:30:30]} 24. axb6 {[%clk 1:30:30]} axb6 {[%clk 1:30:30]} 25. Bg3 {[%clk
1:30:30]} Qe8 {[%clk 1:30:30]} 26. Kh2 {[%clk 1:30:30]} h6 {[%clk 1:30:30]} 27.
Nh4 {[%clk 1:30:30]} cxd4 {[%clk 1:30:30]} 28. exd4 {[%clk 1:30:30]} Rxc1 {[%clk
1:30:30]} 29. Rxc1 {[%clk 1:30:30]} Rc8 {[%clk 1:30:30]} 30. Ra1 {[%clk 1:30:30]}
Bb5 {[%clk 1:30:30]} 31. Nhg6 {[%clk 1:30:30]} Bd6 {[%clk 1:30:30]} 32. Ra7
{[%clk 1:30:30]} Ra8 {[%clk 1:30:30]} 33. Rxa8 {[%clk 1:30:30]} Qxa8 {[%clk
1:30:30]} 34. Nc4 {[%clk 1:30:30]} Bc7 {[%clk 1:30:30]} 35. Ne3 {[%clk 1:30:30]}
Qe8 {[%clk 1:30:30]} 36. Ne5 {[%clk 1:30:30]} Bxe5 {[%clk 1:30:30]} 37. dxe5
{[%clk 1:30:30]} Qc6 {[%clk 1:30:30]} 38. Nxf5 {[%clk 1:30:30]} exf5 {[%clk
1:30:30]} 39. Qxb4 {[%clk 1:30:30]} Kh7 {[%clk 1:30:30]} 40. Qd4 {[%clk 1:30:30]}
Ne7 {[%clk 1:30:30]} 41. Bf2 {[%clk 1:30:30]} Bf1 {[%clk 1:30:30]} 42. Bd5 {[%clk
1:30:30]} Nxd5 {[%clk 1:30:30]} 43. Bg1 {[%clk 1:30:30]} Nxf4 {[%clk 1:30:30]}
44. Qf2 {[%clk 1:30:30]} Qxg2+ {[%clk 1:30:30]} 45. Qxg2 {[%clk 1:30:30]} Nxg2
{[%clk 1:30:30]} 46. Bxb6 {[%clk 1:30:30]} Nf4 {[%clk 1:30:30]} 47. h4 {[%clk
1:30:30]} g5 {[%clk 1:30:30]} 48. hxg5 {[%clk 1:30:30]} hxg5 {[%clk 1:30:30]} 49.
Kg3 {[%clk 1:30:30]} Kg6 {[%clk 1:30:30]} 50. Kf3 {[%clk 1:30:30]} Ne6 {[%clk
1:30:30]} 51. Bf2 {[%clk 1:30:30]} g4+ {[%clk 1:30:30]} 52. Ke3 {[%clk 1:30:30]}
Kg5 {[%clk 1:30:30]} 53. b4 {[%clk 1:30:30]} f4+ {[%clk 1:30:30]} 54. Ke4 {[%clk
1:30:30]} Bg2+ {[%clk 1:30:30]} 55. Kd3 {[%clk 1:30:30]} g3 {[%clk 1:30:30]} 56.
Be1 {[%clk 1:30:30]} Kf5 {[%clk 1:30:30]} 57. Bc3 {[%clk 1:30:30]} Bf1+ {[%clk
1:30:30]} 0-1

[Event "Irena Warakomska Memorial B"]
[Site "chessmanager.com"]
[Date "2018.08.01"]
[Round "1"]
[White "Wolagiewicz, Kinga"]
[Black "Rak, Tomasz"]
[Result "0-1"]
[Board "17"]
[WhiteElo "1611"]
[WhiteCountry "POL"]
[WhiteFideId "1195212"]
[WhiteEloChange "-2"]
[BlackElo "2005"]
[BlackCountry "POL"]
[BlackFideId "1133560"]
[BlackEloChange "2"]

1. e4 {[%clk 1:30:30]} c5 {[%clk 1:30:30]} 2. Nf3 {[%clk 1:30:30]} Nc6 {[%clk
1:30:30]} 3. d4 {[%clk 1:30:30]} cxd4 {[%clk 1:30:30]} 4. Nxd4 {[%clk 1:30:30]}
g6 {[%clk 1:30:30]} 5. Nc3 {[%clk 1:30:30]} Bg7 {[%clk 1:30:30]} 6. Nb3 {[%clk
1:30:30]} Nf6 {[%clk 1:30:30]} 7. Be2 {[%clk 1:30:30]} d6 {[%clk 1:30:30]} 8. O-O
{[%clk 1:30:30]} O-O {[%clk 1:30:30]} 9. f4 {[%clk 1:30:30]} Bd7 {[%clk 1:30:30]}
10. Be3 {[%clk 1:30:30]} Qc8 {[%clk 1:30:30]} 11. h3 {[%clk 1:30:30]} Rd8 {[%clk
1:30:30]} 12. Qd2 {[%clk 1:30:30]} Be6 {[%clk 1:30:30]} 13. Bd3 {[%clk 1:30:30]}
d5 {[%clk 1:30:30]} 14. exd5 {[%clk 1:30:30]} Nxd5 {[%clk 1:30:30]} 15. Nxd5
{[%clk 1:30:30]} Bxd5 {[%clk 1:30:30]} 16. Rab1 {[%clk 1:30:30]} Bc4 {[%clk
1:30:30]} 17. a3 {[%clk 1:30:30]} Rd5 {[%clk 1:30:30]} 18. Qe2 {[%clk 1:30:30]}
Bxd3 {[%clk 1:30:30]} 19. cxd3 {[%clk 1:30:30]} Rb5 {[%clk 1:30:30]} 20. Nc1
{[%clk 1:30:30]} Qd7 {[%clk 1:30:30]} 21. Kh1 {[%clk 1:30:30]} Re8 {[%clk
1:30:30]} 22. b4 {[%clk 1:30:30]} Rd5 {[%clk 1:30:30]} 23. Nb3 {[%clk 1:30:30]}
b6 {[%clk 1:30:30]} 24. Rbd1 {[%clk 1:30:30]} e5 {[%clk 1:30:30]} 25. Qc2 {[%clk
1:30:30]} Ne7 {[%clk 1:30:30]} 26. fxe5 {[%clk 1:30:30]} Nf5 {[%clk 1:30:30]} 27.
Bf2 {[%clk 1:30:30]} Rexe5 {[%clk 1:30:30]} 28. d4 {[%clk 1:30:30]} Ne3 {[%clk
1:30:30]} 29. Bxe3 {[%clk 1:30:30]} Rxe3 {[%clk 1:30:30]} 30. Rc1 {[%clk
1:30:30]} Bh6 {[%clk 1:30:30]} 31. Rce1 {[%clk 1:30:30]} Rf5 {[%clk 1:30:30]} 32.
Qd1 {[%clk 1:30:30]} Rxf1+ {[%clk 1:30:30]} 33. Rxf1 {[%clk 1:30:30]} Qd5 {[%clk
1:30:30]} 34. Rf3 {[%clk 1:30:30]} Rxf3 {[%clk 1:30:30]} 35. Qxf3 {[%clk
1:30:30]} Qxf3 {[%clk 1:30:30]} 36. gxf3 {[%clk 1:30:30]} f5 {[%clk 1:30:30]} 37.
Kg2 {[%clk 1:30:30]} Kf7 {[%clk 1:30:30]} 38. Kf2 {[%clk 1:30:30]} Ke6 {[%clk
1:30:30]} 39. Ke2 {[%clk 1:30:30]} Kd5 {[%clk 1:30:30]} 40. Kd3 {[%clk 1:30:30]}
Bg7 {[%clk 1:30:30]} 41. Kc3 {[%clk 1:30:30]} b5 {[%clk 1:30:30]} 42. Kd3 {[%clk
1:30:30]} g5 {[%clk 1:30:30]} 43. Kc3 {[%clk 1:30:30]} h6 {[%clk 1:30:30]} 44.
Kd3 {[%clk 1:30:30]} h5 {[%clk 1:30:30]} 45. Ke3 {[%clk 1:30:30]} Bh6 {[%clk
1:30:30]} 46. Kf2 {[%clk 1:30:30]} Bg7 {[%clk 1:30:30]} 47. Ke3 {[%clk 1:30:30]}
Bf6 {[%clk 1:30:30]} 48. Kd3 {[%clk 1:30:30]} g4 {[%clk 1:30:30]} 49. fxg4 {[%clk
1:30:30]} fxg4 {[%clk 1:30:30]} 50. hxg4 {[%clk 1:30:30]} hxg4 {[%clk 1:30:30]}
51. Ke3 {[%clk 1:30:30]} g3 {[%clk 1:30:30]} 52. Kf3 {[%clk 1:30:30]} Bxd4 {[%clk
1:30:30]} 53. Kxg3 {[%clk 1:30:30]} Bb2 {[%clk 1:30:30]} 54. Nc5 {[%clk 1:30:30]}
Bxa3 {[%clk 1:30:30]} 55. Kf3 {[%clk 1:30:30]} Bxb4 {[%clk 1:30:30]} 56. Na6
{[%clk 1:30:30]} Bd6 {[%clk 1:30:30]} 57. Ke3 {[%clk 1:30:30]} Kc6 {[%clk
1:30:30]} 0-1

[Event "Irena Warakomska Memorial B"]
[Site "chessmanager.com"]
[Date "2018.08.01"]
[Round "1"]
[White "Rudzinska, Michalina"]
[Black "Zielinski, Konrad"]
[Result "1-0"]
[Board "18"]
[WhiteElo "2111"]
[WhiteCountry "POL"]
[WhiteFideId "1172883"]
[WhiteEloChange "2"]
[BlackElo "1646"]
[BlackCountry "POL"]
[BlackFideId "1164945"]
[BlackEloChange "-2"]

1. e4 {[%clk 1:30:30]} e5 {[%clk 1:30:30]} 2. Nf3 {[%clk 1:30:30]} Nc6 {[%clk
1:30:30]} 3. Bb5 {[%clk 1:30:30]} a6 {[%clk 1:30:30]} 4. Ba4 {[%clk 1:30:30]} Nf6
{[%clk 1:30:30]} 5. d3 {[%clk 1:30:30]} b5 {[%clk 1:30:30]} 6. Bb3 {[%clk
1:30:30]} Be7 {[%clk 1:30:30]} 7. c3 {[%clk 1:30:30]} d5 {[%clk 1:30:30]} 8. Qe2
{[%clk 1:30:30]} dxe4 {[%clk 1:30:30]} 9. dxe4 {[%clk 1:30:30]} O-O {[%clk
1:30:30]} 10. O-O {[%clk 1:30:30]} Bb7 {[%clk 1:30:30]} 11. Rd1 {[%clk 1:30:30]}
Qc8 {[%clk 1:30:30]} 12. Nbd2 {[%clk 1:30:30]} Qg4 {[%clk 1:30:30]} 13. h3 {[%clk
1:30:30]} Qg6 {[%clk 1:30:30]} 14. Bd5 {[%clk 1:30:30]} Bd6 {[%clk 1:30:30]} 15.
Nh4 {[%clk 1:30:30]} Qh5 {[%clk 1:30:30]} 16. Ndf3 {[%clk 1:30:30]} h6 {[%clk
1:30:30]} 17. g4 {[%clk 1:30:30]} Nxg4 {[%clk 1:30:30]} 18. hxg4 {[%clk 1:30:30]}
Qxg4+ {[%clk 1:30:30]} 19. Ng2 {[%clk 1:30:30]} Nd8 {[%clk 1:30:30]} 20. Nd4
{[%clk 1:30:30]} Qd7 {[%clk 1:30:30]} 21. Nf5 {[%clk 1:30:30]} Bxd5 {[%clk
1:30:30]} 22. Qg4 {[%clk 1:30:30]} Ne6 {[%clk 1:30:30]} 23. exd5 {[%clk 1:30:30]}
Rad8 {[%clk 1:30:30]} 24. Bxh6 {[%clk 1:30:30]} Kh7 {[%clk 1:30:30]} 25. Bxg7
{[%clk 1:30:30]} 1-0